| 000 | 00500nam a2200193Ia 4500 | ||
|---|---|---|---|
| 005 | 20240823023754.0 | ||
| 008 | 240823s9999||||xx |||||||||||||| ||und|| | ||
| 020 | _a81-7224-782-6 | ||
| 041 | _aENGLISH | ||
| 082 | _A621.317 P9 | ||
| 100 | _a"Bose,B.K" | ||
| 245 | 0 | _a"Modern Power Electronics:Evolution,Technology&Application" | |
| 250 | _aIst | ||
| 260 |
_c2009 _b"Jaico Pub,M" _aMumbai |
||
| 500 | _aYES | ||
| 650 |
_aModern Power Electronics _bElectronics |
||
| 942 | _cBK | ||
| 999 |
_c182343 _d182343 |
||